书目信息 |
| 题名: |
考研英语听力口语复试
|
|
| 作者: | 马德高 主编 | |
| 分册: | ||
| 出版信息: | 济南 山东电子音响出版社 2009 |
|
| 页数: | 264页 | |
| 开本: | 20cm | |
| 丛书名: | ||
| 单 册: | ||
| 中图分类: | H319.9 | |
| 科图分类: | ||
| 主题词: | 英语 | |
| 电子资源: | ||
| ISBN: | 978-7-88857-275-1 | |
| 000 | 00589nam0 2200193 450 | |
| 001 | 1030577660 | |
| 005 | 20110617140906.92 | |
| 010 | @a978-7-88857-275-1@dCNY19.80 | |
| 100 | @a20100610d2009 km y0chiy0120 ea | |
| 101 | 0 | @achi |
| 102 | @aCN@b370000 | |
| 200 | 1 | @a考研英语听力口语复试@Akao yan ying yu ting li kou yu fu shi@f马德高主编@Fma de gao zhu bian |
| 210 | @a济南@c山东电子音响出版社@d2009 | |
| 215 | @a264页@d20cm | |
| 606 | 0 | @a英语 |
| 690 | @aH319.9@v4 | |
| 701 | 0 | @a马德高@Ama de gao@4主编 |
| 801 | 0 | @aCN@b大连网信软件有限公司图书馆·11@c20110617 |
| 905 | @aZUCC@dH319.9@eM033 | |
| 考研英语听力口语复试/马德高主编.-济南:山东电子音响出版社,2009 |
| 264页;20cm |
| ISBN 978-7-88857-275-1:CNY19.80 |
| ● |
| 相关链接 |
|
|
|
正题名:考研英语听力口语复试
索取号:H319.9/M033
 
预约/预借
| 序号 | 登录号 | 条形码 | 馆藏地/架位号 | 状态 | 备注 |
| 1 | 465672 | 204656728 | 语言库209/209语言库 30排2列2层/ [索取号:H319.9/M033] | 在馆 | |
| 2 | 470208 | 204702081 | 语言库209/209语言库 30排2列2层/ [索取号:H319.9/M033] | 在馆 |